| 000 | 00346 a2200157 4500 | ||
|---|---|---|---|
| 001 | 57959 | ||
| 020 | _a8526502395 | ||
| 040 | _cAnchieta - Pituba | ||
| 100 | _aRendell, Ruth | ||
| 240 | 1 | 0 |
_aUma despedida para sempre _lpor |
| 245 | 1 | 0 | _aUma despedida para sempre |
| 300 | _a179 | ||
| 362 | 0 | _a1991 | |
| 650 | 4 | _aFicção inglesa | |
| 942 | _cBK | ||
| 999 |
_c57959 _d57959 |
||